000 00919nam a2200241Ia 4500
008 130821s2000 sp gr spa
020 _a8420635944
040 _aCo-BoUCM
_bspa
041 0 0 _aspa
100 1 _aCecaumeno
_9164405
245 1 0 _aConsejos de un aristócrata bizantino
_cCecaumeno ;introducción, traduccción y notas de Juan Signes Codoñer
260 _aMadrid (España)
_bAlianza Editorial
_c2000
300 _a154 páginas
490 _aEl Libro de Bolsillo.
_v8234
_aBiblioteca Temática.
_aClásicos de Grecia y Roma
650 0 4 _aÉtica en la literatura
_915240
650 0 4 _aJefes de estado
_xConducta (Ética)
_918063
650 0 4 _aJueces
_xConducta (Ética)
_918110
650 0 4 _aLiteratura griega
_976
650 0 4 _aSacerdotes
_xConducta (Ética)
_923877
700 1 _aSignes Codoñer, Juan
_etrad.
_9164406
942 _cLIBRO
_a18
_e1
_mC387c
_2DEWEY
_h888
999 _c57462
_d57462